Capitales d'Amérique du Sud - Statistiques

Statistiques générales
  • Ce quiz a été pris 560 fois
  • Le résultat moyen est 9 sur 12
Statistiques - réponses
Hint Réponse % Correct
Argentine Buenos Aires
99%
Brésil Brasilia
97%
Pérou Lima
88%
Chili Santiago
86%
Colombie Bogotá
85%
Bolivie La Paz / Sucre
85%
Uruguay Montevideo
82%
Equateur Quito
73%
Venezuela Caracas
68%
Paraguay Asunción
60%
Guyana Georgetown
54%
Suriname Paramaribo
45%
Aucun quiz correspondant
Distribution des résultats
% des personnes avec chaque résultat
Percentile par nombre de réponses
Votre historique - résultats
Vous n’avez pas pris ce quiz